| 000 | 00521nam a2200169Ia 4500 | ||
|---|---|---|---|
| 999 |
_c27871 _d27871 |
||
| 003 | OSt | ||
| 005 | 20250829141618.0 | ||
| 008 | 250310s9999||||xx |||||||||||||| ||und|| | ||
| 040 | _c. | ||
| 082 |
_a321.820954 _bM6189 |
||
| 110 |
_91726 _aMinistry of information and Broad Casting, India. |
||
| 245 | 0 |
_aDemocracy on the march / _cby Ministry of information and Broad Casting |
|
| 260 |
_aNew Delhi : _bMinistry of information and Broad Casting, _c1951. |
||
| 300 | _a28 p. | ||
| 650 | 0 |
_91728 _aDemocracy |
|
| 942 |
_cBK _2ddc |
||